Statistics for Oldest universities in the UK

Click here to take the quiz!

General Stats

  • This quiz has been taken 87 times
  • The average score is 7 of 10

Answer Stats

HintAnswer% Correct
1096University of Oxford
100%
1583University of Edinburgh
88%
1451University of Glasgow
77%
1410-1413University of St Andrews
77%
1824University of Manchester
74%
1832Durham University
73%
1826University College London
64%
1495University of Aberdeen
55%
1209University of Cambridge
42%
1872Aberystwyth University
9%

Score Distribution

Percentile by Number Answered

Percent of People with Each Score

Your Score History

You have not taken this quiz